| 000 | 00597nam a2200241Ia 4500 | ||
|---|---|---|---|
| 008 | 180207s9999 xx 000 0 und d | ||
| 020 | _a9780545431439 | ||
| 050 | _bK845 2012 | ||
| 100 | _aKorman, Gordon | ||
| 245 | _aCahill Files : | ||
| 245 | _boperation trinity / | ||
| 245 | _cby Gordon Korman and Clifford Riley. | ||
| 260 | _aNew York : | ||
| 260 | _bScholastic Inc., | ||
| 260 | _c2012 | ||
| 300 | _a142 pages : | ||
| 300 | _bcolor illustrations ; | ||
| 300 | _c19cm. | ||
| 440 | _aThe 39 clues. | ||
| 700 | _aRiley, Clifford. | ||
| 700 | _aSeries. | ||
| 700 | _aTitle. | ||
| 999 |
_c354972 _d354972 |
||